00342nam a2200133Ia 4500008004100000020001500041041001200056082001600068100001700084245006600101260002500167300000800192650000800200221030s9999 xx 000 0 und d a0071009051 aEnglish a105.23bCat aJ. J. Cathey 0aSchaum`s 2000 Solved Problems in Electronicscby J. J. Cathey bTMHaNew Delhic1991 a532 aECE